United States Immigration By Country - Extreme - Statistics

General Stats
  • This quiz has been taken 55 times
  • The average score is 72 of 87
Answer Stats
Total Country % Correct
3,45 mil India
100%
2,26 mil China
97%
12,1 mil Mexico
97%
81,600 Australia
95%
113,100 Chile
95%
1,39 mil Cuba
95%
1,41 mil Honduras
95%
180,550 Panama
95%
491,800 Russia
95%
1,09 mil South Korea
95%
320,390 Bangladesh
92%
1,42 mil Brazil
92%
1,45 mil Colombia
92%
1,61 mil Dominican Republic
92%
399,700 Iran
92%
350,480 Italy
92%
702,660 United Kingdom
92%
1,34 mil Venezuela
92%
1,31 mil Vietnam
92%
217,190 Argentina
90%
848,650 Canada
90%
889,000 Ecuador
90%
1,66 mil El Salvador
90%
174,330 France
90%
576,770 Germany
90%
1,53 mil Guatemala
90%
132,300 Ireland
90%
943,900 Jamaica
90%
346,100 Japan
90%
796,340 Nicaragua
90%
811,900 Pakistan
90%
423,200 Poland
90%
176,500 Portugal
90%
108,000 Spain
90%
105,400 Costa Rica
87%
134,440 Greece
87%
903,450 Haiti
87%
607,200 Peru
87%
2,12 mil Philippines
87%
119,800 Syria
87%
127,500 Turkey
87%
380,000 Ukraine
87%
171,660 Cambodia
85%
196,300 Egypt
85%
232,120 Iraq
85%
159,570 Israel
85%
188,600 Laos
85%
72,200 Malaysia
85%
163,710 Romania
85%
70,440 Serbia
85%
129,050 Nepal
82%
80,330 Netherlands
82%
75,450 Paraguay
82%
277,410 Thailand
82%
59,870 Uruguay
82%
95,140 Afghanistan
79%
60,890 Belize
79%
299,100 Guyana
79%
56,700 Lebanon
79%
79,500 Morocco
79%
595,300 Nigeria
79%
170,600 South Africa
79%
379,600 Taiwan
79%
101,900 Bolivia
77%
68,030 Bulgaria
77%
61,010 Suriname
77%
52,300 Algeria
74%
109,600 Bosnia and Herzegovina
74%
87,950 Croatia
74%
52,020 Czech Republic
74%
300,500 Trinidad and Tobago
74%
69,770 Hungary
72%
86,010 Albania
69%
201,130 Myanmar
69%
56,340 Yemen
69%
90,860 Armenia
67%
62,590 Belarus
67%
143,200 Kenya
67%
55,900 Sudan
67%
67,300 Uzbekistan
67%
76,560 Barbados
64%
250,660 Ethiopia
62%
169,580 Ghana
62%
71,540 Jordan
62%
53,910 Dominica
59%
84,960 Liberia
46%
50,450 Moldova
46%
No matching quizzes found
Score Distribution
Percent of People with Each Score
Percentile by Number Answered
Your Score History
You have not taken this quiz